[Event "12th Israeli intl it"]
[Site "Netanya ISR"]
[Date "1975.05.28"]
[Round "1"]
[White "Cardoso, Rodolfo Tan"]
[Black "Radashkovich, Itchak"]
[Result "0-1"]
[WhiteElo "2410"]
[BlackElo "2440"]
[EventDate "1975.05.28"]
[PlyCount "118"]
[Source "ChessBase"]

1.c4 e6 2.g3 Nf6 3.Bg2 d5 4.cxd5 exd5 5.d4 c6 6.Nf3 Bd6 7.O-O O-O 8.Nc3 
Re8 9.Qc2 h6 10.Nh4 Bf8 11.Rd1 Nbd7 12.h3 Nb6 13.b3 Be6 14.a4 Nc8 15.a5 
Nd6 16.Bd2 Nfe4 17.Be1 Nxc3 18.Qxc3 a6 19.Nf3 Bf5 20.Ra2 Ne4 21.Qc1 Ng5 
22.Nxg5 hxg5 23.b4 f6 24.h4 gxh4 25.Qf4 Qd7 26.Qxh4 g5 27.Qh5 Kg7 28.Qf3 
Be4 29.Qb3 Bxg2 30.Kxg2 Bd6 31.e3 Rh8 32.Kf3 Bxg3 33.Qb1 Rh2 34.fxg3 g4+ 
35.Kf4 Rxa2 36.Qxa2 Re8 37.Qc2 Re4+ 38.Qxe4 dxe4 39.Kxe4 Kg6 40.Kd3 Qf5+ 
41.Kd2 Qf3 42.Rc1 Kf5 43.d5 Qxd5+ 44.Ke2 Ke4 45.Rd1 Qb5+ 46.Kf2 Qf5+ 47.
Kg1 Kxe3 48.Rd2 Qf3 49.Rd7 Qe4 50.Rd2 f5 51.Rf2 Qd3 52.Rf1 Ke2 53.Bf2 Qc3 
54.Rb1 Qd2 55.Bc5 Qd3 56.Rb2+ Kf3 57.Kh2 Qf1 58.Bd6 Qc1 59.Be5 Qh6+ 0-1

[Event "12th Israeli intl it"]
[Site "Netanya ISR"]
[Date "1975.05.28"]
[Round "1"]
[White "Kagan, Shimon"]
[Black "Liberzon, Vladimir"]
[Result "1/2-1/2"]
[WhiteElo "2420"]
[BlackElo "2485"]
[EventDate "1975.05.28"]
[PlyCount "59"]
[Source "ChessBase"]

1.e4 c5 2.Nf3 e6 3.d4 cxd4 4.Nxd4 Nf6 5.Nc3 d6 6.g3 Be7 7.Bg2 O-O 8.O-O 
Nc6 9.Nce2 Qc7 10.Nb5 Qb8 11.c4 a6 12.Nbd4 Bd7 13.b3 b5 14.cxb5 axb5 15.
Bb2 Rc8 16.Qd2 Nxd4 17.Nxd4 g6 18.Nc2 e5 19.Nb4 Qb7 20.Kh1 Bc6 21.f3 Qd7 
22.Qh6 Rc7 23.Bh3 Qd8 24.Qe3 Bb7 25.Rfd1 Rc5 26.Rd2 Qc7 27.Rad1 Bf8 28.Bg2
Re8 29.Nd3 Rc2 30.Nb4 1/2-1/2

[Event "12th Israeli intl it"]
[Site "Netanya ISR"]
[Date "1975.05.28"]
[Round "1"]
[White "Kraidman, Yair"]
[Black "Timman, Jan"]
[Result "1-0"]
[WhiteElo "2460"]
[BlackElo "2510"]
[EventDate "1975.05.28"]
[PlyCount "85"]
[Source "ChessBase"]

1.d4 Nf6 2.c4 e6 3.Nc3 Bb4 4.e3 b6 5.Bd3 Bb7 6.Nf3 O-O 7.O-O c5 8.Na4 cxd4
9.a3 Be7 10.exd4 d6 11.Re1 Nbd7 12.Nc3 d5 13.Bg5 Rc8 14.Ne5 dxc4 15.Nxc4 
Re8 16.Qe2 Nf8 17.Rad1 Nd5 18.Bd2 Ng6 19.Ne5 Nxc3 20.bxc3 Nxe5 21.Qxe5 
Bxa3 22.Re3 Bf8 23.Ra1 a5 24.Rb1 g6 25.Ree1 Bd6 26.Qe3 Bd5 27.Ba6 Rc7 28.
Bb5 Bc6 29.Qe2 Qd7 30.c4 Ra8 31.Bh6 Qd8 32.Bxc6 Rxc6 33.d5 exd5 34.cxd5 
Rc3 35.Rxb6 Bxh2+ 36.Kf1 Bf4 37.Bxf4 Qxb6 38.Bh6 Rcc8 39.Kg1 Qf6 40.d6 Qh4
41.Qe3 a4 42.d7 Rf8 43.Bxf8 1-0

[Event "12th Israeli intl it"]
[Site "Netanya ISR"]
[Date "1975.05.28"]
[Round "1"]
[White "Pachman, Ludek"]
[Black "Najdorf, Miguel"]
[Result "1/2-1/2"]
[WhiteElo "2510"]
[BlackElo "2510"]
[EventDate "1975.05.28"]
[PlyCount "39"]
[Source "ChessBase"]

1.d4 Nf6 2.c4 e6 3.Nf3 b6 4.Nc3 Bb7 5.Bg5 Be7 6.Qc2 c5 7.Rd1 Nc6 8.e3 O-O 
9.dxc5 bxc5 10.Be2 d6 11.O-O Qb8 12.Rd2 h6 13.Bh4 Rd8 14.Rfd1 g6 15.h3 Qc7
16.Ne1 Rab8 17.Bf3 Ba8 18.b3 Ne8 19.Bxe7 Qxe7 20.Qc1 1/2-1/2

[Event "12th Israeli intl it"]
[Site "Netanya ISR"]
[Date "1975.05.28"]
[Round "1"]
[White "Panno, Oscar"]
[Black "Balshan, Amikam"]
[Result "1-0"]
[WhiteElo "2545"]
[BlackElo "2435"]
[EventDate "1975.05.28"]
[PlyCount "87"]
[Source "ChessBase"]

1.c4 e5 2.Nc3 Nf6 3.g3 Bb4 4.Bg2 O-O 5.e4 Nc6 6.Nge2 Nd4 7.O-O d6 8.Nxd4 
exd4 9.Ne2 c5 10.d3 Rb8 11.a3 Ba5 12.b4 Bc7 13.bxc5 dxc5 14.a4 b6 15.h3 
Bb7 16.Ra3 Nd7 17.f4 f5 18.exf5 Rxf5 19.g4 Rf7 20.Ng3 Bxg2 21.Kxg2 Qf8 22.
Ra2 Qd6 23.Nf5 Qg6 24.Kh1 Qc6+ 25.Kg1 Qg6 26.Rg2 h6 27.Qf3 Re8 28.Bd2 Nb8 
29.Re1 Rxe1+ 30.Bxe1 Qc6 31.Qxc6 Nxc6 32.Rf2 Kh7 33.Bd2 g6 34.Ng3 g5 35.
fxg5 Rxf2 36.Kxf2 Ne5 37.Ke2 Nxc4 38.dxc4 Bxg3 39.gxh6 Bh4 40.g5 a6 41.Kf3
Kg6 42.Kg4 Bf2 43.h4 b5 44.h5+ 1-0

[Event "12th Israeli intl it"]
[Site "Netanya ISR"]
[Date "1975.05.28"]
[Round "1"]
[White "Shamkovich, Leonid"]
[Black "Lederman, Leon"]
[Result "0-1"]
[WhiteElo "2505"]
[BlackElo "2390"]
[EventDate "1975.05.28"]
[PlyCount "74"]
[Source "ChessBase"]

1.d4 d5 2.c4 dxc4 3.Nf3 a6 4.e3 Bg4 5.Bxc4 e6 6.h3 Bh5 7.Nc3 Nf6 8.Qb3 
Bxf3 9.gxf3 b5 10.Be2 Nbd7 11.a4 b4 12.Ne4 c5 13.Nxc5 Nxc5 14.dxc5 Bxc5 
15.Qc4 Qe7 16.Rg1 O-O 17.Qh4 g6 18.Bc4 Rfc8 19.Ke2 Nd7 20.Qe4 Bd6 21.Bd2 
Be5 22.Rab1 f5 23.Qd3 a5 24.b3 Bg7 25.f4 Nc5 26.Qc2 Qh4 27.Be1 Kh8 28.f3 
Qh5 29.Rg5 Qh6 30.Bf2 e5 31.h4 exf4 32.exf4 Ne6 33.Be3 Nxg5 34.hxg5 Qh2+ 
35.Kd1 Rd8+ 36.Bd3 Qh1+ 37.Ke2 Qg2+ 0-1

[Event "12th Israeli intl it"]
[Site "Netanya ISR"]
[Date "1975.05.28"]
[Round "1"]
[White "Yanofsky, Daniel Abraham"]
[Black "Bleiman, Yaacov"]
[Result "1/2-1/2"]
[WhiteElo "2415"]
[BlackElo "2455"]
[EventDate "1975.05.28"]
[PlyCount "132"]
[Source "ChessBase"]

1.e4 c5 2.Nf3 d6 3.d4 cxd4 4.Nxd4 Nf6 5.Nc3 a6 6.Bg5 e6 7.Be2 Be7 8.Qd2 h6
9.Be3 Qc7 10.f3 Bd7 11.a4 Nc6 12.O-O Na5 13.Nb3 Rc8 14.Nxa5 Qxa5 15.Rfd1 
Qc7 16.a5 O-O 17.Bb6 Qb8 18.Bd4 Bc6 19.Bd3 Nd7 20.Bf1 Nf6 21.Qf2 e5 22.Ba7
Qc7 23.Bb6 Qb8 24.b3 Bd7 25.Na4 Be6 26.Ba7 Qa8 27.c4 Nd7 28.Be3 Qb8 29.Nc3
f5 30.exf5 Bxf5 31.Nd5 Bd8 32.b4 Nf6 33.Ba7 Qa8 34.Nxf6+ Bxf6 35.Bb6 Be7 
36.Qd2 Rf6 37.Bd3 Bxd3 38.Qxd3 Rcf8 39.Qd5+ Kh8 40.Bf2 Qc8 41.Bh4 g5 42.
Bg3 Rf5 43.Rac1 R8f7 44.Qe4 Kg8 45.Qd5 Bf8 46.b5 Kh8 47.b6 Kg8 48.c5 dxc5 
49.Bxe5 Qe8 50.Re1 Qd7 51.Qc4 Qc6 52.Rcd1 Kh7 53.Qc2 Qg6 54.Qb1 h5 55.Qb3 
g4 56.f4 h4 57.Rd5 Qc6 58.Qc4 Rd7 59.Red1 Rxd5 60.Rxd5 Qe6 61.Qd3 Kg8 62.
Rd8 c4 63.Qd1 Rf7 64.Qd4 h3 65.Qe4 hxg2 66.Kxg2 c3 1/2-1/2

[Event "12th Israeli intl it"]
[Site "Netanya ISR"]
[Date "1975.05.29"]
[Round "2"]
[White "Bleiman, Yaacov"]
[Black "Panno, Oscar"]
[Result "1/2-1/2"]
[WhiteElo "2455"]
[BlackElo "2545"]
[EventDate "1975.05.28"]
[PlyCount "152"]
[Source "ChessBase"]

1.d4 Nf6 2.c4 e6 3.Nf3 b6 4.g3 Ba6 5.Qa4 c5 6.Bg2 Bb7 7.dxc5 bxc5 8.O-O 
Be7 9.a3 O-O 10.Rd1 Qc7 11.Nc3 a6 12.Bf4 d6 13.Qc2 Rd8 14.h3 Nc6 15.Rac1 
Rab8 16.Na4 Na5 17.Nd2 Bxg2 18.Kxg2 Nd7 19.Rb1 g5 20.Be3 Ne5 21.Kg1 Qc6 
22.Rdc1 h6 23.b3 Bf8 24.Nb2 Qc7 25.Nd3 Nxd3 26.Qxd3 Nc6 27.Nf3 Bg7 28.Bd2 
a5 29.Bc3 Qe7 30.Qe4 Rb6 31.Bxg7 Kxg7 32.e3 Qf6 33.a4 d5 34.cxd5 exd5 35.
Qg4 Rb4 36.Qh5 c4 37.bxc4 dxc4 38.h4 Rxb1 39.Rxb1 Rd5 40.hxg5 hxg5 41.Qg4 
c3 42.Rc1 Rc5 43.Qe4 Qg6 44.Qxg6+ Kxg6 45.Kf1 Kf5 46.Ke2 Ke4 47.Nd2+ Kd5 
48.Nb3 Rc4 49.Rd1+ Ke6 50.f4 gxf4 51.gxf4 c2 52.Rc1 Kd5 53.Kd3 Rxa4 54.
Kxc2 Rc4+ 55.Kd2 a4 56.Rxc4 Kxc4 57.Nc1 Nb4 58.Ne2 a3 59.Kc1 Kd3 60.Ng3 
Kxe3 61.Nf5+ Kxf4 62.Nd6 f5 63.Nc4 a2 64.Kb2 Kg5 65.Ne5 f4 66.Nf3+ Kf5 67.
Nd2 Ke5 68.Nf3+ Ke4 69.Ng5+ Ke3 70.Ka1 Kd3 71.Kb2 Kc4 72.Nf3 Kd5 73.Ng5 
Kc4 74.Nf3 Kd3 75.Ng5 Kd2 76.Ne6 f3 1/2-1/2

[Event "12th Israeli intl it"]
[Site "Netanya ISR"]
[Date "1975.05.29"]
[Round "2"]
[White "Cardoso, Rodolfo Tan"]
[Black "Shamkovich, Leonid"]
[Result "0-1"]
[WhiteElo "2410"]
[BlackElo "2505"]
[EventDate "1975.05.28"]
[PlyCount "92"]
[Source "ChessBase"]

1.e4 c5 2.Nf3 e6 3.d4 cxd4 4.Nxd4 a6 5.c4 Nf6 6.Nc3 Qc7 7.Be3 Bb4 8.Bd3 
Bxc3+ 9.bxc3 d6 10.Rc1 Nbd7 11.Nb3 b6 12.f4 Bb7 13.Qf3 O-O 14.O-O e5 15.f5
Qc6 16.Rcd1 Nc5 17.Bxc5 dxc5 18.Rfe1 Rad8 19.g4 h6 20.h4 Rd6 21.g5 Nh7 22.
Qg3 hxg5 23.hxg5 Rfd8 24.Re3 f6 25.g6 Ng5 26.Qh4 Qd7 27.Nc1 Bxe4 28.Rg3 
Qxf5 29.Rf1 Qxg6 30.Rxg5 Qxg5+ 31.Qxg5 fxg5 32.Bxe4 Rd2 33.Bd5+ Kh7 34.a4 
a5 35.Rf2 Rd1+ 36.Rf1 Rd2 37.Rf2 Rd1+ 38.Rf1 Rxf1+ 39.Kxf1 Kg6 40.Be4+ Kh5
41.Nd3 Kg4 42.Kf2 Rf8+ 43.Ke3 Kh3 44.Nxe5 g4 45.Nf3 gxf3 46.Bxf3 Kh2 0-1

[Event "12th Israeli intl it"]
[Site "Netanya ISR"]
[Date "1975.05.29"]
[Round "2"]
[White "Lederman, Leon"]
[Black "Pachman, Ludek"]
[Result "1-0"]
[WhiteElo "2390"]
[BlackElo "2510"]
[EventDate "1975.05.28"]
[PlyCount "95"]
[Source "ChessBase"]

1.e4 e5 2.Nf3 Nc6 3.Bb5 a6 4.Ba4 Nf6 5.O-O Be7 6.Re1 b5 7.Bb3 d6 8.c3 O-O 
9.d4 Bg4 10.Be3 exd4 11.cxd4 Na5 12.Bc2 c5 13.dxc5 dxc5 14.Nbd2 Nd7 15.h3 
Bh5 16.b3 Nc6 17.Rc1 Qc7 18.Qe2 Rfe8 19.Qf1 Bd6 20.a4 Rab8 21.axb5 axb5 
22.Bd3 c4 23.bxc4 b4 24.c5 Bf4 25.Bb5 Bxe3 26.Rxe3 Bxf3 27.Nxf3 Nf6 28.
Bxc6 Qxc6 29.Nd4 Qd7 30.Qc4 Rxe4 31.Rxe4 Nxe4 32.c6 Qc7 33.Nb5 Qf4 34.c7 
Rc8 35.Rd1 Qxf2+ 36.Kh1 Ng3+ 37.Kh2 g6 38.Qg4 Rxc7 39.Nxc7 Nf1+ 40.Rxf1 
Qxf1 41.Qxb4 h5 42.Nd5 Qd3 43.Qb8+ Kh7 44.Qe5 h4 45.Nf6+ Kg7 46.Ng4+ Kg8 
47.Qe8+ Kg7 48.Qxf7+ 1-0

[Event "12th Israeli intl it"]
[Site "Netanya ISR"]
[Date "1975.05.29"]
[Round "2"]
[White "Liberzon, Vladimir"]
[Black "Yanofsky, Daniel Abraham"]
[Result "1/2-1/2"]
[WhiteElo "2485"]
[BlackElo "2415"]
[EventDate "1975.05.28"]
[PlyCount "90"]
[Source "ChessBase"]

1.e4 e5 2.Nf3 Nc6 3.Bb5 a6 4.Ba4 Nf6 5.O-O Be7 6.Re1 b5 7.Bb3 d6 8.c3 O-O 
9.h3 Nb8 10.d4 Nbd7 11.Nbd2 Bb7 12.Bc2 c5 13.Nf1 Re8 14.d5 Bf8 15.b3 g6 
16.g4 Bg7 17.Ng3 Nf8 18.Be3 Bc8 19.Kg2 h6 20.Qd2 g5 21.a4 Rb8 22.axb5 axb5
23.Nf5 Ng6 24.Kh2 b4 25.c4 Nf4 26.Rg1 Nh7 27.Ra7 Nf8 28.Ne1 N8g6 29.Nd3 
Bf8 30.f3 Bb7 31.h4 Qb6 32.Ra4 Qd8 33.hxg5 Qxg5 34.Bxf4 exf4 35.Kg2 Ra8 
36.Rh1 Rxa4 37.bxa4 Bc8 38.Rh5 Qf6 39.Kh3 Bxf5 40.gxf5 Ne5 41.Qg2+ Kh7 42.
Nxe5 Qxe5 43.Qg4 Qh8 44.Qg2 Qd4 45.Qg4 Qh8 1/2-1/2

[Event "12th Israeli intl it"]
[Site "Netanya ISR"]
[Date "1975.05.29"]
[Round "2"]
[White "Najdorf, Miguel"]
[Black "Kraidman, Yair"]
[Result "1-0"]
[WhiteElo "2510"]
[BlackElo "2460"]
[EventDate "1975.05.28"]
[PlyCount "80"]
[Source "ChessBase"]

1.Nf3 Nf6 2.g3 c5 3.Bg2 Nc6 4.O-O d5 5.d3 e5 6.Nbd2 Be7 7.e4 d4 8.Nc4 Qc7 
9.a4 O-O 10.Nh4 Ne8 11.Nf5 Nd6 12.Nfxd6 Bxd6 13.f4 exf4 14.gxf4 f6 15.Bd2 
Be6 16.b3 f5 17.e5 Be7 18.Qh5 Kh8 19.Rf3 Bf7 20.Qh3 Rae8 21.Rg3 Qd8 22.Bf3
Bh4 23.Rg2 Re6 24.Qxf5 Qe7 25.Nd6 g5 26.Bd5 Bg8 27.Qe4 gxf4 28.Bxe6 Bxe6 
29.Bxf4 Bh3 30.Bh6 Bxg2 31.Bxf8 Bxe4 32.Bxe7 Bxe7 33.Nxe4 Nxe5 34.Rf1 Kg7 
35.Rf5 Nd7 36.Rd5 Nb6 37.Re5 Kf7 38.a5 Nd7 39.Rh5 Nf8 40.Nxc5 b6 1-0

[Event "12th Israeli intl it"]
[Site "Netanya ISR"]
[Date "1975.05.29"]
[Round "2"]
[White "Radashkovich, Itchak"]
[Black "Balshan, Amikam"]
[Result "1/2-1/2"]
[WhiteElo "2440"]
[BlackElo "2435"]
[EventDate "1975.05.28"]
[PlyCount "54"]
[Source "ChessBase"]

1.d4 c5 2.d5 Nf6 3.c4 b5 4.cxb5 a6 5.bxa6 Bxa6 6.Nc3 d6 7.g3 g6 8.Bg2 Bg7 
9.Nh3 O-O 10.O-O Nbd7 11.Qc2 Qb6 12.Rb1 Qa7 13.Nf4 Ne5 14.b3 Rab8 15.Bd2 
Bc8 16.Nd3 Nxd3 17.Qxd3 Bf5 18.e4 Bc8 19.Qc2 Ba6 20.Rfd1 Rfc8 21.h3 Nd7 
22.Bg5 Qc7 23.Ne2 h6 24.Be3 Qa5 25.Bd2 Qd8 26.Be3 Qa5 27.Bd2 Qd8 1/2-1/2

[Event "12th Israeli intl it"]
[Site "Netanya ISR"]
[Date "1975.05.29"]
[Round "2"]
[White "Timman, Jan"]
[Black "Kagan, Shimon"]
[Result "0-1"]
[WhiteElo "2510"]
[BlackElo "2420"]
[EventDate "1975.05.28"]
[PlyCount "82"]
[Source "ChessBase"]

1.e4 g6 2.d4 Bg7 3.Nf3 d6 4.Be2 Nf6 5.Nc3 c6 6.O-O O-O 7.a4 Bg4 8.Be3 a5 
9.h3 Bxf3 10.Bxf3 Qc7 11.Qd2 Na6 12.Rfe1 e5 13.Rad1 Rfe8 14.d5 Nb4 15.Be2 
Bf8 16.Bc4 cxd5 17.Bxd5 Nfxd5 18.exd5 f5 19.f3 Rac8 20.Qe2 Qc4 21.Rd2 Be7 
22.Qd1 Na6 23.Qa1 Nc5 24.Kh1 Qh4 25.Rde2 Nd7 26.Qa2 Nf6 27.Bf2 Qc4 28.Qxc4
Rxc4 29.Rd1 Rec8 30.Be1 Nh5 31.g3 Rb4 32.Kg2 Rxb2 33.Rb1 Rxb1 34.Nxb1 Rc5 
35.Nc3 Nf6 36.Nb5 Nxd5 37.Bxa5 Kf7 38.c3 Rc4 39.Bd8 Nxc3 40.Rc2 Nd5 41.Rd2
Rc2 0-1

[Event "12th Israeli intl it"]
[Site "Netanya ISR"]
[Date "1975.05.30"]
[Round "3"]
[White "Balshan, Amikam"]
[Black "Bleiman, Yaacov"]
[Result "1/2-1/2"]
[WhiteElo "2435"]
[BlackElo "2455"]
[EventDate "1975.05.28"]
[PlyCount "40"]
[Source "ChessBase"]

1.g3 d5 2.Bg2 Nf6 3.Nf3 Bf5 4.d3 e6 5.O-O Be7 6.b3 O-O 7.Bb2 c5 8.Nbd2 Nc6
9.c4 h6 10.Ne5 Nxe5 11.Bxe5 Bh7 12.Rc1 Rc8 13.h3 b6 14.Bb2 d4 15.f4 Bd6 
16.Ne4 Ne8 17.b4 Bxe4 18.dxe4 e5 19.b5 Qc7 20.f5 Be7 1/2-1/2

[Event "12th Israeli intl it"]
[Site "Netanya ISR"]
[Date "1975.05.30"]
[Round "3"]
[White "Kagan, Shimon"]
[Black "Najdorf, Miguel"]
[Result "1-0"]
[WhiteElo "2420"]
[BlackElo "2510"]
[EventDate "1975.05.28"]
[PlyCount "73"]
[Source "ChessBase"]

1.e4 e5 2.Nf3 d6 3.d4 Nf6 4.Nc3 Nbd7 5.g3 g6 6.Bg2 Bg7 7.O-O O-O 8.h3 Re8 
9.dxe5 dxe5 10.Be3 b6 11.Nh2 Bb7 12.Ng4 Nxg4 13.Qxg4 h5 14.Qe2 c6 15.Rfd1 
Qe7 16.a4 Nf8 17.a5 b5 18.a6 Bc8 19.Qd2 Ne6 20.Nd5 Qd8 21.Nb4 Qc7 22.Qc3 
Bd7 23.Rd2 Rac8 24.Nd3 Rcd8 25.Nc5 Nxc5 26.Qxc5 Be6 27.Rad1 Rxd2 28.Rxd2 
Bc8 29.Qa3 Bf8 30.b4 c5 31.Bxc5 Re6 32.Bxf8 Kxf8 33.Qd3 Kg7 34.Qxb5 Qc3 
35.Rd8 h4 36.Qc5 hxg3 37.Rxc8 1-0

[Event "12th Israeli intl it"]
[Site "Netanya ISR"]
[Date "1975.05.30"]
[Round "3"]
[White "Kraidman, Yair"]
[Black "Lederman, Leon"]
[Result "1/2-1/2"]
[WhiteElo "2460"]
[BlackElo "2390"]
[EventDate "1975.05.28"]
[PlyCount "144"]
[Source "ChessBase"]

1.c4 Nf6 2.Nc3 e5 3.Nf3 Nc6 4.g3 d5 5.cxd5 Nxd5 6.Bg2 Nb6 7.O-O Be7 8.a4 
a5 9.d3 O-O 10.Be3 Be6 11.Bxb6 cxb6 12.Nd2 h5 13.Nc4 h4 14.Rc1 Bc5 15.e3 
hxg3 16.hxg3 f5 17.Bxc6 bxc6 18.Nxe5 Qf6 19.d4 Bd6 20.Qf3 Bxe5 21.dxe5 
Qxe5 22.Qxc6 Rac8 23.Qxb6 Rb8 24.Qd4 Qxd4 25.exd4 Rxb2 26.Rfe1 Bd7 27.Re7 
Rf7 28.Rce1 Rb3 29.Rxf7 Kxf7 30.Re3 Ra3 31.Kf1 Bxa4 32.Ke2 Bd7 33.Kd3 Ra1 
34.Kc4 a4 35.d5 a3 36.Kb3 g5 37.Re2 f4 38.gxf4 gxf4 39.Re4 Kf6 40.Rxf4+ 
Ke5 41.Re4+ Kd6 42.Re2 Bg4 43.Rd2 Bh5 44.Kc4 Bf7 45.Kd4 a2 46.Ne4+ Ke7 47.
Ke5 Rh1 48.Rxa2 Rh5+ 49.Kf4 Rxd5 50.Ra7+ Rd7 51.Ra6 Rd4 52.Ke3 Rb4 53.Ra7+
Kf8 54.Ng5 Bg6 55.f4 Ke8 56.Ra6 Bb1 57.Re6+ Kd7 58.Kf3 Bf5 59.Re3 Rd4 60.
Nf7 Ra4 61.Kg3 Re4 62.Ra3 Ke7 63.Ng5 Rb4 64.Nf3 Kf6 65.Nh4 Be6 66.Ra6 Rb3+
67.Nf3 Ke7 68.Ra5 Bc8 69.Kf2 Rb2+ 70.Ke1 Rb4 71.Ne5 Kf6 72.Nd3 Rd4 1/2-1/2

[Event "12th Israeli intl it"]
[Site "Netanya ISR"]
[Date "1975.05.30"]
[Round "3"]
[White "Pachman, Ludek"]
[Black "Cardoso, Rodolfo Tan"]
[Result "1/2-1/2"]
[WhiteElo "2510"]
[BlackElo "2410"]
[EventDate "1975.05.28"]
[PlyCount "89"]
[Source "ChessBase"]

1.d4 g6 2.c4 c6 3.Nc3 Bg7 4.e4 d5 5.exd5 cxd5 6.cxd5 Nf6 7.Bc4 O-O 8.Nge2 
b5 9.Bxb5 Nxd5 10.O-O Bb7 11.Re1 Nxc3 12.Nxc3 Nc6 13.d5 Nd4 14.Bd3 Rc8 15.
Bf4 Bxd5 16.Nxd5 Qxd5 17.Rxe7 Rfd8 18.Ba6 Rc2 19.Bc7 Rf8 20.Bg3 Qa5 21.Bd3
Rxb2 22.Rc1 Rd2 23.Qe1 Rxa2 24.Qxa5 Rxa5 25.h4 Ra3 26.Bc4 Nf5 27.Rd7 Nxg3 
28.fxg3 Rxg3 29.Rf1 Rg4 30.Rfxf7 Rxf7 31.Bxf7+ Kf8 32.h5 Bd4+ 33.Kh2 Be5+ 
34.Kg1 Rd4 35.Be6 Rxd7 36.Bxd7 Ke7 37.Ba4 Kf6 38.hxg6 hxg6 39.Kf2 Bd4+ 40.
Ke2 Ke5 41.Kd3 Kd5 42.Be8 g5 43.Bf7+ Kc5 44.Kc2 Kb4 45.Kb1 1/2-1/2

[Event "12th Israeli intl it"]
[Site "Netanya ISR"]
[Date "1975.05.30"]
[Round "3"]
[White "Panno, Oscar"]
[Black "Liberzon, Vladimir"]
[Result "1/2-1/2"]
[WhiteElo "2545"]
[BlackElo "2485"]
[EventDate "1975.05.28"]
[PlyCount "80"]
[Source "ChessBase"]

1.c4 e5 2.Nc3 Nc6 3.g3 g6 4.Bg2 Bg7 5.e3 d6 6.Nge2 Nge7 7.d3 O-O 8.O-O Be6
9.Nd5 Qd7 10.b3 e4 11.Rb1 exd3 12.Qxd3 Ne5 13.Qd2 Nxd5 14.cxd5 Bh3 15.Bb2 
Rfe8 16.Rbc1 c5 17.dxc6 bxc6 18.Rfd1 Bxg2 19.Kxg2 Rad8 20.Qc2 Rc8 21.Nf4 
d5 22.Nd3 Nxd3 23.Rxd3 Bxb2 24.Qxb2 Qf5 25.Qd2 h5 26.Rd4 Re4 27.h4 Qe5 28.
Rxd5 Qe8 29.Rd4 Rxd4 30.Qxd4 Rd8 31.Qb4 Qe5 32.Rc5 Qa1 33.Rxc6 Qxa2 34.Qc3
Qd2 35.Qc4 Qd5+ 36.Qxd5 Rxd5 37.Rc3 Rb5 38.Kf3 a5 39.e4 Rb4 40.Ke3 a4 
1/2-1/2

[Event "12th Israeli intl it"]
[Site "Netanya ISR"]
[Date "1975.05.30"]
[Round "3"]
[White "Shamkovich, Leonid"]
[Black "Radashkovich, Itchak"]
[Result "1/2-1/2"]
[WhiteElo "2505"]
[BlackElo "2440"]
[EventDate "1975.05.28"]
[PlyCount "118"]
[Source "ChessBase"]

1.e4 e5 2.Nf3 Nc6 3.Bb5 a6 4.Ba4 Nf6 5.O-O Nxe4 6.d4 b5 7.Bb3 d5 8.dxe5 
Be6 9.Qe2 Nc5 10.Rd1 Be7 11.Nc3 Nxb3 12.cxb3 O-O 13.Be3 Qd7 14.Rac1 Rad8 
15.a3 Na5 16.b4 Nc4 17.Bg5 Bxg5 18.Nxg5 Qe7 19.Nf3 Bg4 20.Nxd5 Qe6 21.Nxc7
Qc6 22.b3 Rxd1+ 23.Rxd1 Qxc7 24.bxc4 bxc4 25.Rd5 Be6 26.Rc5 Qd7 27.h3 Rd8 
28.Kh2 h6 29.Qc2 Qd3 30.Qxd3 Rxd3 31.a4 Ra3 32.Nd4 Rxa4 33.Nxe6 fxe6 34.
Rxc4 Kf7 35.g4 a5 36.Rc7+ Kf8 37.Ra7 Rxb4 38.Rxa5 g5 39.Kg3 Rb3+ 40.f3 Re3
41.Kf2 Rb3 42.Ra8+ Kf7 43.Ra7+ Kg6 44.Re7 Rb6 45.Ke3 h5 46.Kd4 Rc6 47.Kd3 
h4 48.Kd4 Kh6 49.Rd7 Ra6 50.Rd6 Ra4+ 51.Kc5 Ra5+ 52.Kc6 Rxe5 53.Kd7 Kg7 
54.Rxe6 Ra5 55.Re3 Kf6 56.Kd6 Ra6+ 57.Kd5 Ra5+ 58.Kd4 Ra4+ 59.Kd3 Ra3+ 
1/2-1/2

[Event "12th Israeli intl it"]
[Site "Netanya ISR"]
[Date "1975.05.31"]
[Round "4"]
[White "Cardoso, Rodolfo Tan"]
[Black "Kraidman, Yair"]
[Result "0-1"]
[WhiteElo "2410"]
[BlackElo "2460"]
[EventDate "1975.05.28"]
[PlyCount "50"]
[Source "ChessBase"]

1.e4 e5 2.Nf3 Nc6 3.Bb5 a6 4.Bxc6 dxc6 5.O-O Qd6 6.d4 exd4 7.Nxd4 Bd7 8.e5
Qg6 9.Qd3 Qxd3 10.cxd3 O-O-O 11.Ne2 c5 12.Rd1 Ne7 13.Nbc3 Nc6 14.Bg5 Re8 
15.f4 h6 16.Bh4 g5 17.fxg5 Nxe5 18.gxh6 Bxh6 19.Bf2 b6 20.Ng3 Ng4 21.Re1 
Reg8 22.Nge4 Bg5 23.Nd5 Bc6 24.Ne3 Bxe3 25.Bxe3 f5 0-1

[Event "12th Israeli intl it"]
[Site "Netanya ISR"]
[Date "1975.05.31"]
[Round "4"]
[White "Lederman, Leon"]
[Black "Kagan, Shimon"]
[Result "1-0"]
[WhiteElo "2390"]
[BlackElo "2420"]
[EventDate "1975.05.28"]
[PlyCount "80"]
[Source "ChessBase"]

1.e4 c5 2.Nf3 Nc6 3.d4 cxd4 4.Nxd4 g6 5.Nc3 Bg7 6.Be3 Nf6 7.Bc4 Qa5 8.O-O 
O-O 9.Bb3 d6 10.h3 Bd7 11.f4 Nxd4 12.Bxd4 Bc6 13.Qd3 Rad8 14.Rad1 e5 15.
Be3 exf4 16.Bxf4 Nh5 17.Bc1 Bxc3 18.bxc3 Qc5+ 19.Be3 Qe5 20.Bh6 Ng3 21.
Bxf8 Qc5+ 22.Qd4 Ne2+ 23.Kh2 Nxd4 24.cxd4 Qb6 25.Be7 d5 26.Bxd8 Qxd8 27.e5
a5 28.a4 b5 29.axb5 Bxb5 30.Rf6 a4 31.Rd6 Qg5 32.Bxd5 h5 33.Rf6 Be8 34.c4 
h4 35.c5 Qg3+ 36.Kh1 a3 37.e6 fxe6 38.Rxe6 Bf7 39.Re8+ Kg7 40.Re7 Kh6 1-0

[Event "12th Israeli intl it"]
[Site "Netanya ISR"]
[Date "1975.05.31"]
[Round "4"]
[White "Liberzon, Vladimir"]
[Black "Balshan, Amikam"]
[Result "1-0"]
[WhiteElo "2485"]
[BlackElo "2435"]
[EventDate "1975.05.28"]
[PlyCount "225"]
[Source "ChessBase"]

1.e4 e5 2.Nf3 Nc6 3.Bb5 a6 4.Ba4 Nf6 5.O-O Be7 6.Re1 b5 7.Bb3 O-O 8.a4 Rb8
9.axb5 axb5 10.c3 d6 11.d4 Qd7 12.Nbd2 Re8 13.Nf1 g6 14.Ng3 Bf8 15.Bg5 Bg7
16.Qd2 Qe7 17.h3 Bb7 18.Nh4 Kh8 19.d5 Nd8 20.Red1 Bc8 21.Nf3 Nb7 22.Bc2 
Bd7 23.b4 Ra8 24.Qe2 Rec8 25.Bd3 Qe8 26.Nd2 c5 27.dxc6 Bxc6 28.c4 bxc4 29.
Bxc4 h6 30.Bxf6 Bxf6 31.Nb3 Kg7 32.Nf1 Be7 33.Qd3 Nd8 34.b5 Bd7 35.Ne3 
Rab8 36.Nd5 Bf8 37.Ra5 Nb7 38.Ra7 Be6 39.Rb1 Qd8 40.Kh2 h5 41.Ra6 Qh4 42.
Kg1 Nc5 43.Nxc5 Rxc5 44.b6 Rbc8 45.b7 Rxc4 46.bxc8=Q Rxc8 47.Rab6 Rc5 48.
Ne3 Qg5 49.Rb8 Rc8 50.Rxc8 Bxc8 51.Nc4 Be6 52.Rd1 Be7 53.Re1 Bf8 54.Kf1 
Qe7 55.Rd1 Qc7 56.Ne3 Qc8 57.Nd5 Qc5 58.Qc3 Qb5+ 59.Kg1 Qa4 60.Qd3 Qc6 61.
h4 Qc5 62.Qc3 Qa7 63.Ra1 Qb7 64.Rd1 Qa7 65.g3 Qa4 66.Qd3 Qc6 67.Kg2 Qc5 
68.Rb1 Qa7 69.Rc1 Qa5 70.Nc7 Bd7 71.Qc4 Qd2 72.Ra1 Qb2 73.Rc1 Qd2 74.Rb1 
Qd4 75.Qxd4 exd4 76.Rd1 f5 77.exf5 Bxf5 78.Rxd4 Kf6 79.f3 Ke5 80.Ra4 Bd7 
81.Ra5+ Kf6 82.Nd5+ Ke6 83.Nf4+ Kf6 84.Ra7 Bf5 85.Kf2 Bh6 86.Nd5+ Ke6 87.
Nc7+ Kd7 88.Nb5+ Ke6 89.Nd4+ Ke5 90.Nxf5 Kxf5 91.Ra5+ Ke6 92.Ke2 Bc1 93.g4
hxg4 94.fxg4 Bf4 95.Kf3 Bd2 96.Ra2 Bc3 97.Kf4 Bf6 98.g5 Bg7 99.Ra7 Bd4 
100.Rb7 d5 101.Kg4 Bc3 102.Rb6+ Kf7 103.Rd6 d4 104.Kf3 Bb2 105.Ke4 Bc3 
106.Kd3 Bb2 107.Rf6+ Kg7 108.Rf4 Bc3 109.Rxd4 Bb2 110.Rd7+ Kf8 111.Ke4 Bc3
112.Kf4 Ke8 113.Rc7 1-0

[Event "12th Israeli intl it"]
[Site "Netanya ISR"]
[Date "1975.05.31"]
[Round "4"]
[White "Najdorf, Miguel"]
[Black "Yanofsky, Daniel Abraham"]
[Result "1/2-1/2"]
[WhiteElo "2510"]
[BlackElo "2415"]
[EventDate "1975.05.28"]
[PlyCount "78"]
[Source "ChessBase"]

1.Nf3 c5 2.g3 g6 3.Bg2 Bg7 4.O-O Nc6 5.e4 d6 6.d3 Nf6 7.Nc3 O-O 8.Nh4 Nd4 
9.f4 Rb8 10.Qd2 Bh6 11.Ne2 Nc6 12.Qe1 Bg7 13.h3 Ne8 14.c3 f5 15.Be3 Qc7 
16.Rd1 b6 17.Qd2 Nf6 18.exf5 gxf5 19.d4 Na5 20.dxc5 dxc5 21.b3 Nb7 22.c4 
Rd8 23.Qc2 Nd6 24.Nc3 e6 25.Rd3 Bb7 26.Bxb7 Qxb7 27.Rfd1 Qe7 28.Nf3 Nde4 
29.Nxe4 Nxe4 30.g4 Bf6 31.g5 Bg7 32.h4 Nc3 33.R1d2 Ne4 34.Rxd8+ Rxd8 35.
Rd3 Rd6 36.Nd2 Qd8 37.Rxd6 Nxd6 38.Qd3 Nf7 39.Qe2 e5 1/2-1/2

[Event "12th Israeli intl it"]
[Site "Netanya ISR"]
[Date "1975.05.31"]
[Round "4"]
[White "Radashkovich, Itchak"]
[Black "Bleiman, Yaacov"]
[Result "1/2-1/2"]
[WhiteElo "2440"]
[BlackElo "2455"]
[EventDate "1975.05.28"]
[PlyCount "28"]
[Source "ChessBase"]

1.d4 d5 2.c4 e6 3.Nf3 Nf6 4.g3 c6 5.Bg2 Nbd7 6.Qc2 Bd6 7.O-O O-O 8.Rd1 Qe7
9.Nbd2 e5 10.dxe5 Nxe5 11.cxd5 cxd5 12.Nxe5 Bxe5 13.Nf3 Bd6 14.Bg5 Be6 
1/2-1/2